Adelaide Crows Best and Fairest Winners - Statistics

General Stats
  • This quiz has been taken 50 times
    30 since last reset
  • The average score is 19 of 32
Answer Stats
Hint Answer % Correct
1998 Mark Ricciuto
92%
2003 Mark Ricciuto
92%
2004 Mark Ricciuto
92%
2013 Rory Sloane
92%
2016 Rory Sloane
92%
2018 Rory Laird
88%
2021 Rory Laird
88%
2022 Rory Laird
88%
1997 Andrew McLeod
85%
2001 Andrew McLeod
85%
2007 Andrew McLeod
85%
2019 Brad Crouch
77%
2017 Matt Crouch
77%
2000 Simon Goodwin
62%
2005 Simon Goodwin
62%
2006 Simon Goodwin
62%
1992 Chris McDermott
58%
2011 Scott Thompson
58%
2012 Scott Thompson
58%
1994 Shaun Rehn
46%
1993 Tony McGuinness
46%
2015 Patrick Dangerfield
42%
2020 Reilly O'Brien
42%
2010 Richard Douglas
42%
1999 Ben Hart
35%
2002 Ben Hart
35%
2014 Daniel Talia
35%
2008 Nathan Bock
35%
1996 Matthew Liptak
27%
2009 Bernie Vince
23%
1991 Mark Mickan
23%
1995 Matthew Connell
19%
No matching quizzes found
Score Distribution
Percent of People with Each Score
Percentile by Number Answered
Your Score History
You have not taken this quiz since the last reset